=LDR 00000nam 2200000 4500 =001 INLIS000000000027047 =005 20130612125442 =008 ***********************************Ind** =035 ##$$0010-061300000027047 =041 ##$$a Ind =082 ##$$a 658.405 2 =090 ##$$a 658.405 2, Fle n =100 ##$$a Fleming, Peter Ronald =245 ##$$a Negisiasi yang sukses dalam sepekan, Peter Ronald Fleming ; penerjemah, Sugeng Panut =260 ##$$a 2002 $b Jakarta =300 ##$$a Jakarta, Kesint Blanc, 2002 =650 ##$$a Negosiasi =850 ##$$a NBPNMAT